000 00337nam a2200133Ia 4500
008 240624s9999 xx 000 0 und d
041 _aeng
082 _a658.4052 RAO
100 _aRAO S L
245 _aNEGOTIATION EVERYONE MUST WIN MADE SIMPL
260 _c2005
_aNew Delhi
_bExcel Books
300 _axi, : 214 : cm. ; 24
365 _cRS
999 _c2465
_d2465